000 00313 a2200109 4500
001 ART_17874
005 20260410161701.0
008 260409a
245 1 0 _aLa financiación del gasto público
100 1 _aMachinea, José Luis
773 0 _tEnsayos Económicos
_g- Nº 6 (jun. 1978)
_wREV620
999 _c15174
_d15174